Представление документа в формате MARC21

Поле Инд. ПП Название Значение
Тип записи a
Библиографический уровень b
001 Контрольный номер e29f02a2977d4daf86a7f565231e71c6
005 Дата корректировки 20210818161042.1
024 80 a Стандартный номер DOI: 10.1103/PhysRevD.95.106013
040 a Служба первич. каталог. Web of Science
041 0_ a Код языка текста rus
084 a Индекс другой классификации/Индекс ББК 22.6
097 a Костяева О.Г.
100 1_ a Автор Astaneh A. F.
100 1_ a Автор Berthiere C.
100 1_ a Автор Fursaev D. V.
g Прочие сведения РИНЦ AuthorID: 34800 (http://elibrary.ru/author_profile.asp?id= 34800); SPIN-код: 8851-0726 (h http://elibrary.ru/author_items.asp?authorid=34800); ORCID ID: orcid.org/0000-0002-5693-3112; ResearcherID: O-5598-2016 (http://www.researcherid.com/rid/O-5598-2016)
i 000089865
q Полное имя Фурсаев Дмитрий Владимирович
u Дополнение Fursaev D. V.; Фурсаев Д. В.
j Принадлежность неизвестного автора к последователям, ученикам, сторонникам, школе и т. д. государственный университет "Дубна"
c Титул (звания) доцент; доктор физико-математических наук
100 1_ a Автор Solodukhin S. N.
245 10 a Заглавие Holographic calculation of entanglement entropy in the presence of boundaries
550 a Прим. об изд. организации Кафедра фундаментальных проблем физики микромира; Факультет естественных и инженерных наук
650 04 a Основная рубрика физика; астрофизика; астрономия
773 18 t Название источника Physical Review D - Particles, Fields, Gravitation and Cosmology
d Место и дата издания 2017
b Сведения об издании American Physical Society
c USA
m Специф. данные входит в Scopus;входит в WoS;Входит в ядро РИНЦ;зарубежный журнал;ненулевой импакт-фактор
p Phys. Rev. D
o Прочие индексы wos 4.557, scopus 3.41
x ISSN 1550-7998
g Прочая информация V. 95. - № 10
w Контрольный № источника 79fdaa4c8350400e96ca6e8e375e61f4
901 t Тип документа b
952 c Вид литературы статья в журнале